000 00567nam a2200229 a 4500
003 AR-BaBNM
005 20251128204541.0
008 082120s2002 ||||||||||||||000 | spa||
020 _a950-843-083-4
040 _cAR-BaBNM
100 1 _aBauducco, Rubén Tomás
245 0 0 _aEl caso de los médicos
260 _aBuenos Aires
_bVinciguerra
_c1994
300 _a147 p.
650 4 _aLITERATURA ARGENTINA
650 4 _aLITERATURA CONTEMPORANEA
653 _aNOVELA POLICIAL
653 _aNARRATIVA
655 _aLITERATURA
942 _cBK
998 _cMARTIN
999 _c7887
_d7887